000 00300nam a22001337a 4500
008 171027b xxu||||| |||| 00| 0 eng d
020 _a9781568841502
041 _aeng
080 _a336
100 _a56
101 _aFIN
245 _aPERSONAL FINANCE FOR DUMMIES
_cSCHWAB, CH.R
942 _2udc
_cBK
999 _c36157
_d36157